<The> Definition of basic preconditions for the legal institute of liability for tax offenses and evaluation of their application online as fast financial report

Pojem daňovoprávna zodpovednosť. Klasifikácia daní. Daňový delikt. Sankcie za nesplnenie daňovej povinnosti. Daňové trestné činy. Informatizácia verejnej správy v oblastí daní.

Salvato in:
Dettagli Bibliografici
Autore principale: Nováková, Veronika
Natura: Capitolo di libro
Lingua:slovacco
Soggetti:
Tags: Aggiungi Tag
Nessun Tag, puoi essere il primo ad aggiungerne!!

MARC

LEADER 00000naa a2200000 4500
001 0211873
005 20220729111314.9
041 0 |a slo 
044 |a SK 
245 1 0 |a <The> Definition of basic preconditions for the legal institute of liability for tax offenses and evaluation of their application online as fast financial report  |c Veronika Nováková 
520 |a Pojem daňovoprávna zodpovednosť. Klasifikácia daní. Daňový delikt. Sankcie za nesplnenie daňovej povinnosti. Daňové trestné činy. Informatizácia verejnej správy v oblastí daní. 
610 2 0 |a zodpovednosť právna 
610 2 0 |a dane 
610 2 0 |a povinnosť daňová 
610 2 0 |a sankcie 
610 2 0 |a informatizácia 
610 2 0 |a správa daňová 
100 1 |a Nováková, Veronika